[Event "GBR-ch Major 106th"]
[Site "Torquay"]
[Date "2019.07.31"]
[Round "5"]
[White "Foster, Timothy"]
[Black "Cusick, Peter W"]
[Result "1-0"]
[WhiteElo "1852"]
[BlackElo "1971"]
[PlyCount "101"]
[EventDate "2019.07.27"]
[EventType "swiss"]
[EventRounds "9"]
[EventCountry "ENG"]
[SourceTitle "EXT 2020"]
[Source "ChessBase"]
[SourceDate "2019.10.17"]
[SourceVersion "1"]
[SourceVersionDate "2019.10.17"]
[SourceQuality "1"]

1. Nf3 Nf6 2. g3 b5 3. Bg2 Bb7 4. 0-0 e6 5. b3 Be7 6. Bb2 0-0 7. d3 d5 8. Nbd2 c5 9. Ne5 Qc7 10. e3 Nbd7 11. Nxd7 Qxd7 12. f4 Rac8 13. Nf3 Rfd8 14. Ne5 Qc7 15. g4 Nd7 16. Nxd7 Qxd7 17. g5 d4 18. e4 e5 19. Qh5 exf4 20. Bh3 Qc7 21. Bxc8 Bxc8 22. Bc1 g6 23. Qh4 h5 24. Bxf4 Bd6 25. Bxd6 Qxd6 26. Rf6 Be6 27. Qf4 Qd7 28. Qe5 Bh3 29. Qg3 c4 30. bxc4 bxc4 31. Rb1 cxd3 32. cxd3 Kg7 33. Rc1 Rc8 34. Rxc8 Qxc8 35. Qf4 Qb7 36. Qc1 Bg4 37. Qc4 Be6 38. Qxd4 Kg8 39. Rf2 Qb1+ 40. Kg2 Qd1 41. Qe3 Qg4+ 42. Qg3 Qd1 43. Qf3 Qc1 44. h4 Qc3 45. Qe3 Qa3 46. Re2 Bxa2 47. d4 Qxe3 48. Rxe3 a6 49. Rc3 Kf8 50. Kf3 Bb1 51. Ra3 1-0

[Event "GBR-ch Major 106th"]
[Site "Torquay"]
[Date "2019.07.28"]
[Round "2"]
[White "Cusick, Peter W"]
[Black "Merriman, James"]
[Result "1/2-1/2"]
[WhiteElo "1971"]
[BlackElo "1808"]
[PlyCount "68"]
[EventDate "2019.07.27"]
[EventType "swiss"]
[EventRounds "9"]
[EventCountry "ENG"]
[SourceTitle "EXT 2020"]
[Source "ChessBase"]
[SourceDate "2019.10.17"]
[SourceVersion "1"]
[SourceVersionDate "2019.10.17"]
[SourceQuality "1"]

1. d4 e6 2. Nf3 Nf6 3. c4 c5 4. d5 d6 5. Nc3 exd5 6. cxd5 g6 7. e4 a6 8. a4 Bg4 9. Be2 Bxf3 10. Bxf3 Bg7 11. 0-0 0-0 12. Bf4 Re8 13. Re1 Qc7 14. e5 dxe5 15. d6 Qb6 16. Bxe5 Nbd7 17. a5 Qd8 18. Bg3 Rb8 19. h3 b5 20. axb6 Qxb6 21. Ra2 Rxe1+ 22. Qxe1 Re8 23. Qd2 c4 24. Nd5 Nxd5 25. Bxd5 Qb3 26. Rxa6 Bxb2 27. Ra7 Rd8 28. Bxc4 Qb8 29. Rc7 Ne5 30. Qd5 Qb4 31. Kh2 Qxd6 32. Qxd6 Rxd6 33. Rc5 Nxc4 34. Rxc4 Re6 1/2-1/2

[Event "EU-ch Seniors 50 19th"]
[Site "Rhodes"]
[Date "2019.04.12"]
[Round "7"]
[White "Alikhanashvili, Giuli"]
[Black "Cusick, Peter W"]
[Result "1/2-1/2"]
[WhiteElo "1895"]
[BlackElo "1966"]
[PlyCount "46"]
[EventDate "2019.04.06"]
[EventType "swiss"]
[EventRounds "9"]
[EventCountry "GRE"]
[SourceTitle "CBM 189 Extra"]
[Source "ChessBase"]
[SourceDate "2019.05.31"]
[SourceVersion "1"]
[SourceVersionDate "2019.05.31"]
[SourceQuality "1"]

1. e4 d5 2. exd5 Qxd5 3. d4 e5 4. dxe5 Qxd1+ 5. Kxd1 Nc6 6. Bb5 Bg4+ 7. f3 0-0-0+ 8. Bd2 Bd7 9. Bxc6 Bxc6 10. Nh3 Bc5 11. Re1 Nh6 12. Kc1 Rhe8 13. Nf4 Nf5 14. Nd3 Bb6 15. a4 a6 16. Nc3 h5 17. Bg5 Rd4 18. a5 Ba7 19. b3 Rd7 20. Kb2 Bd4 21. Rad1 b5 22. b4 Bb7 23. Kb3 Ba7 1/2-1/2

[Event "Harrogate 4NCL op-A 21st"]
[Site "Harrogate"]
[Date "2019.01.19"]
[Round "2"]
[White "Scott, Luke"]
[Black "Cusick, Peter W"]
[Result "0-1"]
[WhiteElo "1837"]
[BlackElo "1969"]
[PlyCount "92"]
[EventDate "2019.01.18"]
[EventType "swiss"]
[EventRounds "5"]
[EventCountry "ENG"]
[SourceTitle "CBM 188 Extra"]
[Source "ChessBase"]
[SourceDate "2019.02.28"]
[SourceVersion "1"]
[SourceVersionDate "2019.02.28"]
[SourceQuality "1"]

1. d4 d5 2. c4 e6 3. Nc3 Nf6 4. cxd5 exd5 5. Bg5 c6 6. e3 Nbd7 7. Bd3 Be7 8. Nge2 0-0 9. Qc2 h6 10. Bh4 Re8 11. f3 c5 12. 0-0 a6 13. Rfe1 b5 14. a3 Qb6 15. Rad1 Bb7 16. Bf2 Rac8 17. Qd2 cxd4 18. Nxd4 Ne5 19. Nf5 Bf8 20. Bf1 Qd8 21. Bh4 Qb6 22. Bf2 Qc6 23. Nd4 Qd7 24. Bg3 Rcd8 25. Rc1 Nc4 26. Bxc4 dxc4 27. Red1 Bc5 28. Nce2 Bb6 29. e4 Qe7 30. Qc2 Nd7 31. Kh1 Ne5 32. Nf5 Qc5 33. Qc3 f6 34. Nf4 Bc8 35. Rxd8 Rxd8 36. Ne3 Nd3 37. Rc2 Nxf4 38. Bxf4 Rd3 39. Qe1 g5 40. Ng4 gxf4 41. Nxf6+ Kf7 42. Nd5 Bc7 43. Nxc7 Qxc7 44. e5 Ke6 45. h4 Qf7 46. Qg1 Qe7 0-1

[Event "Harrogate 4NCL op-A 21st"]
[Site "Harrogate"]
[Date "2019.01.18"]
[Round "1"]
[White "Cusick, Peter W"]
[Black "Merry, Alan B"]
[Result "0-1"]
[WhiteElo "1969"]
[BlackElo "2434"]
[PlyCount "92"]
[EventDate "2019.01.18"]
[EventType "swiss"]
[EventRounds "5"]
[EventCountry "ENG"]
[SourceTitle "CBM 188 Extra"]
[Source "ChessBase"]
[SourceDate "2019.02.28"]
[SourceVersion "1"]
[SourceVersionDate "2019.02.28"]
[SourceQuality "1"]

1. d4 e6 2. c4 c5 3. d5 exd5 4. cxd5 g6 5. Nc3 Bg7 6. e4 d6 7. Nf3 a6 8. a4 Bg4 9. Be2 Bxf3 10. Bxf3 Nf6 11. 0-0 0-0 12. Bf4 Qe7 13. Qd2 Nbd7 14. Rae1 Rfe8 15. Bd1 Rab8 16. Bg5 b5 17. axb5 axb5 18. b3 b4 19. Na4 Nxe4 20. Bxe7 Nxd2 21. Bxd6 Nxf1 22. Rxf1 Rbc8 23. Bg4 f5 24. Bf3 Be5 25. Bxe5 Nxe5 26. Be2 Nf7 27. Bb5 Re5 28. Rc1 Rb8 29. Bc6 c4 30. bxc4 b3 31. Kf1 Nd6 32. Nb2 Ne4 33. f3 Nc5 34. Re1 Rxe1+ 35. Kxe1 Kf8 36. Kd2 Ke7 37. Kc3 Kd6 38. f4 Rb6 39. Ba4 Ra6 40. Bb5 Ra1 41. Kb4 Rb1 42. Ka3 Rg1 43. g3 Rg2 44. Ba4 Rxh2 45. Bxb3 Rg2 46. Na4 Rxg3 0-1

[Event "GBR-ch Major 105th"]
[Site "Hull"]
[Date "2018.08.04"]
[Round "8"]
[White "Cusick, Peter W"]
[Black "Modi, Shyam Jagdish"]
[Result "1/2-1/2"]
[WhiteElo "1947"]
[BlackElo "1973"]
[PlyCount "62"]
[EventDate "2018.07.28"]
[EventType "swiss"]
[EventRounds "9"]
[EventCountry "ENG"]
[SourceTitle "CBM 185 Extra"]
[Source "ChessBase"]
[SourceDate "2018.07.29"]
[SourceVersion "1"]
[SourceVersionDate "2018.07.29"]
[SourceQuality "1"]

1. d4 Nf6 2. Nf3 g6 3. g3 Bg7 4. Bg2 0-0 5. 0-0 d6 6. c4 Nbd7 7. Nc3 e5 8. h3 c6 9. e4 Qa5 10. d5 cxd5 11. cxd5 b5 12. Nd2 b4 13. Ne2 Nc5 14. Nb3 Nxb3 15. Qxb3 Ba6 16. Re1 Rfc8 17. Bd2 Bxe2 18. Rxe2 Qb5 19. Ree1 a5 20. Rec1 Nd7 21. Bf1 Qb6 22. Rxc8+ Rxc8 23. Rc1 Rxc1 24. Bxc1 Nc5 25. Be3 Bh6 26. Bxc5 Qxc5 27. Qc4 Qxc4 28. Bxc4 f5 29. Bd3 fxe4 30. Bxe4 Kf7 31. b3 Ke7 1/2-1/2

[Event "GBR-ch Major 105th"]
[Site "Hull"]
[Date "2018.08.03"]
[Round "7"]
[White "Cowan, Richard M"]
[Black "Cusick, Peter W"]
[Result "1/2-1/2"]
[WhiteElo "1865"]
[BlackElo "1947"]
[PlyCount "35"]
[EventDate "2018.07.28"]
[EventType "swiss"]
[EventRounds "9"]
[EventCountry "ENG"]
[SourceTitle "CBM 185 Extra"]
[Source "ChessBase"]
[SourceDate "2018.07.29"]
[SourceVersion "1"]
[SourceVersionDate "2018.07.29"]
[SourceQuality "1"]

1. e4 c6 2. d4 d5 3. e5 c5 4. dxc5 e6 5. Be3 Nd7 6. Bb5 Ne7 7. Bxd7+ Bxd7 8. c3 Nc6 9. Nf3 Qc7 10. Bd4 Nxd4 11. cxd4 b6 12. cxb6 Qxb6 13. Qb3 Qa6 14. Nc3 Be7 15. Nd2 0-0 16. f4 Rab8 17. Qc2 Qb6 18. Qd3 1/2-1/2

[Event "GBR-ch Major 105th"]
[Site "Hull"]
[Date "2018.08.02"]
[Round "6"]
[White "Cusick, Peter W"]
[Black "Garnett, John S"]
[Result "1-0"]
[WhiteElo "1947"]
[BlackElo "1916"]
[PlyCount "61"]
[EventDate "2018.07.28"]
[EventType "swiss"]
[EventRounds "9"]
[EventCountry "ENG"]
[SourceTitle "CBM 185 Extra"]
[Source "ChessBase"]
[SourceDate "2018.07.29"]
[SourceVersion "1"]
[SourceVersionDate "2018.07.29"]
[SourceQuality "1"]

1. d4 Nf6 2. Nf3 d5 3. c4 c6 4. Qc2 dxc4 5. Qxc4 Bf5 6. g3 e6 7. Bg2 Nbd7 8. 0-0 Nb6 9. Qb3 Be7 10. Nc3 0-0 11. Rd1 Nfd5 12. Ne5 Nxc3 13. bxc3 Qc8 14. e4 Bg6 15. Nxg6 hxg6 16. Be3 c5 17. d5 exd5 18. exd5 c4 19. Qb5 Bf6 20. a4 Qe8 21. Qb4 Be7 22. d6 Bd8 23. a5 Nd7 24. Qxc4 Bf6 25. Bxb7 Rb8 26. a6 Ne5 27. Qd5 Ng4 28. Bxa7 Bxc3 29. Rac1 Bb2 30. Rc2 Nf6 31. Qd3 1-0

[Event "BCF-ch Weekend op"]
[Site "Bournemouth"]
[Date "2016.07.30"]
[Round "3"]
[White "Archer Lock, Christopher J"]
[Black "Cusick, Peter W"]
[Result "1-0"]
[WhiteElo "2035"]
[BlackElo "1975"]
[PlyCount "59"]
[EventDate "2016.07.29"]
[EventType "swiss"]
[EventRounds "5"]
[EventCountry "ENG"]
[SourceTitle "CBM 173 Extra"]
[Source "ChessBase"]
[SourceDate "2016.08.29"]
[SourceVersion "1"]
[SourceVersionDate "2016.08.29"]
[SourceQuality "1"]

1. d4 Nf6 2. c4 e6 3. Nf3 Bb4+ 4. Nbd2 b6 5. a3 Be7 6. e4 Bb7 7. Bd3 d5 8. cxd5 exd5 9. e5 Ne4 10. Qc2 Nxd2 11. Bxd2 h6 12. b4 0-0 13. 0-0 Nd7 14. b5 c5 15. bxc6 Rc8 16. Qb3 Bxc6 17. Rfc1 Re8 18. Ba6 Rc7 19. Bf4 Nb8 20. Bd3 Rc8 21. e6 Bb7 22. exf7+ Kxf7 23. Bh7 Bd6 24. Rxc8 Bxc8 25. Qxd5+ Be6 26. Qxd6 Qxd6 27. Bxd6 Nc6 28. Be4 Na5 29. Rc1 Nc4 30. Ne5+ 1-0